| 000 | 00362nam a2200145 a 4500 | ||
|---|---|---|---|
| 001 | 792 | ||
| 003 | CDMR | ||
| 005 | 20130116135158.0 | ||
| 008 | 130130s2010||||||||||||||||||||||||||||d | ||
| 040 |
_aCDMR _bcat _cCPC GIRONA |
||
| 100 | 1 |
_aHoms, Francesc _9620 |
|
| 245 | 1 | 0 |
_aDret a decidir _bEstació concert _cHoms, Francesc |
| 260 |
_c2010 _bEditorial Base |
||
| 942 | _cMON | ||
| 999 |
_c792 _d792 |
||